El libro de la risa y el olvido

Guardat en:
Dades bibliogràfiques
Autor principal: Kundera, Milan (autor)
Format: Llibre
Idioma:espanyol
Publicat: Barcelona Seix Barral 1993
Edició:9a. ed
Col·lecció:Biblioteca Breve
Matèries:
Etiquetes: Afegir etiqueta
Sense etiquetes, Sigues el primer a etiquetar aquest registre!

MARC

LEADER 00000nam a2200000 a 4500
001 UCP5797
003 CL-VaPUC
008 990927e19930100SP |||||||||||||||||spa|d
082 0 4 |a 891.86  |b KUN  |2 21 
100 |a Kundera, Milan  |e autor  |9 582710 
245 1 3 |a El libro de la risa y el olvido 
250 |a 9a. ed 
300 |a 327 p 
942 |c BK 
945 |d 19990927 00:00:00  |a cmena 
260 |a Barcelona  |b Seix Barral  |c 1993 
650 7 |a NOVELAS CHECOESLOVACAS  |2 CL-VaPUC  |9 322610 
650 7 |a LITERATURA CHECOESLOVACA  |2 CL-VaPUC  |9 348950 
583 |a last modification  |c 19990927 00:00:00  |k Rodrigo Vera 
490 0 |a Biblioteca Breve 
999 |c 283462  |d 283460 
952 |0 0  |1 0  |4 0  |6 891_860000000000000_KUN_1993  |7 0  |8 A  |9 326645  |a BIBEDU  |b BIBEDU  |d 2019-11-20  |i 3564835  |o 891.86 KUN 1993  |p 3564835  |r 2019-11-20  |w 2019-11-20  |y BK  |k EPE